000 00887nam a22002057a 4500
999 _c2002
_d2002
003 AR-CdUCM
008 190228b ||||| |||| 00| 0 spad
040 _aMUNICIPALIDAD PROVINCIAL DEL CUSCO
_cBIBLIOTECA MUNICIPAL DEL CUSCO
082 _a986.2 /
_bR36
100 _aReinoso Hermida, Gustavo
_93375
245 _aEl periodo preceramico del Ecuador /
260 _aEcuador :
_bPublicaciones del departamento de difusión cultural de la universidad de Cuenca,
_c1993.
300 _a297 páginas ;
_c21 cm.
505 _aContenido : La geología historica y la evolución biológica -- El periodo precerámico en el Ecuador -- La litica tallada de las culturas agro-alfareras de la subregión andina austral del Ecuador.
650 _aHistoria de Ecuador
_97286
650 _aGeología histórica
_97287
650 _aEvolución biológica
_97288
942 _2ddc
_cLIBROS
945 _azta